Principles of guidance and counseling : (Record no. 8669)
[ view plain ]
| 000 -LEADER | |
|---|---|
| fixed length control field | 00447nam a2200157 4500 |
| 007 - PHYSICAL DESCRIPTION FIXED FIELD--GENERAL INFORMATION | |
| fixed length control field | 20200115 |
| 008 - FIXED-LENGTH DATA ELEMENTS--GENERAL INFORMATION | |
| fixed length control field | 020515s1980 mlp 0 engta |
| 100 1# - MAIN ENTRY--PERSONAL NAME | |
| Personal name | Aquino, Gaudencio V. |
| 245 10 - TITLE STATEMENT | |
| Title | Principles of guidance and counseling : |
| Remainder of title | a modern approach / |
| Statement of responsibility, etc | Gaudencio V. Aquino |
| 260 ## - PUBLICATION, DISTRIBUTION, ETC. (IMPRINT) | |
| Place of publication, distribution, etc | Manila: |
| Name of publisher, distributor, etc | National Book Store Inc., |
| Date of publication, distribution, etc | c1980. |
| 300 ## - PHYSICAL DESCRIPTION | |
| Extent | 947p.; |
| Dimensions | 23cm. |
| 336 ## - CONTENT TYPE | |
| Content Type Term | text |
| 337 ## - MEDIA TYPE | |
| Media Type Term | unmediated |
| 338 ## - CARRIER TYPE | |
| Carrier Type Term | volume |
| 942 ## - ADDED ENTRY ELEMENTS (KOHA) | |
| Source of classification or shelving scheme | Library of Congress Classification |
| Item type | Books |
| Withdrawn status | Lost status | Source of classification or shelving scheme | Damaged status | Not for loan | Home library | Current library | Shelving location | Date acquired | Inventory number | Total Checkouts | Full call number | Barcode | Date last seen | Price effective from | Koha item type |
|---|---|---|---|---|---|---|---|---|---|---|---|---|---|---|---|
| Library of Congress Classification | BSOP Library | BSOP Library | Filipiniana | 01/15/2020 | 8335 | LB1027.5 Aq5 | 00016971 | 02/23/2013 | 02/23/2013 | Books |
